000 00199nam a2200109Ia 4500
100 _a#N/A
942 _cBK
654 _anc - cnc
245 _aNC -CNC - 4
260 _b#N/A
_c2004
546 _aENGLISH
999 _c29606
_d29606